| 000 | 00894nam a2200265Ia 4500 | ||
|---|---|---|---|
| 003 | GCL | ||
| 008 | 140319s9999 xx 000 0 ara d | ||
| 040 |
_aGCL / _cGCL |
||
| 082 | 0 | 4 |
_a342.02 _bد م |
| 100 | 1 | _aدوفرجية موريس | |
| 245 | 1 | 0 |
_aالمؤسسات السياسية والقانون الدستورى الانظمة السياسية الكبرى / _cدوفرجية موريس |
| 700 | 1 | _aجورج سعد (مترجم) | |
| 260 |
_a[S.N] : _bالمؤسسة العامة للدرسات والنشر والتوزيع ، _c1992 |
||
| 300 | _a479 ص | ||
| 490 | _a | ||
| 650 | 0 | 4 | _aالقانون |
| 650 | 0 | 4 | _aمصر |
| 650 | 0 | 4 | _aالماركسية |
| 650 | 0 | 4 | _aالاشتراكية |
| 650 | 0 | 4 | _aالسياسة |
| 650 | 0 | 4 | _aالقانون الدستورى |
| 650 | 0 | 4 | _aالنظم السياسية |
| 650 | 0 | 4 | _aالتصوير العلمى |
| 942 |
_2ddc _cBK |
||
| 999 |
_c56141 _d56141 |
||